[Event "Reykjavik Open 2025"]
[Site "Reykjavik"]
[Date "2025.04.10"]
[Round "2.54"]
[White "Ternault, Mathieu"]
[Black "Schreidl, Michael"]
[Result "1/2-1/2"]
[WhiteElo "2301"]
[WhiteTitle "FM"]
[WhiteFideId "20641532"]
[BlackElo "1949"]
[BlackFideId "16265750"]
[Variant "Standard"]
[StudyName "ROpen 2025 - Rd2 - Boards 45-108"]
1. Nf3 e6 2. c4 b6 3. g3 Bb7 4. Bg2 Nf6 5. b3 Be7 6. Bb2 c5 7. O-O O-O 8. e3 Qc7 9. Nc3 a6 10. Ne2 Nc6 11. Qb1 h6 12. Nf4 Rfd8 13. a3 d5 14. cxd5 Nxd5 15. Rc1 Nf6 16. d4 Na5 17. dxc5 Be4 18. Qa2 Qb7 19. b4 Bxf3 20. bxa5 Bxg2 21. Nxg2 bxc5 22. Bxf6 Bxf6 23. Rab1 Qc7 24. Nf4 Be5 25. Rb6 Bxf4 26. gxf4 Rd3 27. Qc4 Rad8 28. Rcb1 Qd7 29. Kg2 Rxa3 30. Rxa6 e5 31. fxe5 1/2-1/2

[Event "Reykjavik Open 2025"]
[Site "Reykjavik"]
[Date "2025.04.10"]
[Round "2.55"]
[White "Colas, Joshua"]
[Black "Lenz, Joshua"]
[Result "1-0"]
[WhiteElo "2275"]
[WhiteTitle "FM"]
[WhiteFideId "2044447"]
[BlackElo "1944"]
[BlackFideId "16256956"]
[Variant "Standard"]
[StudyName "ROpen 2025 - Rd2 - Boards 45-108"]
1. c4 e6 2. Nf3 d5 3. d4 Nf6 4. g3 Be7 5. Bg2 O-O 6. O-O dxc4 7. Qc2 a6 8. a4 Bd7 9. Rd1 Bc6 10. Nc3 b6 11. e4 Bb7 12. Ne5 Qc8 13. Nxc4 Rd8 14. Bf4 Nbd7 15. Rac1 c5 16. dxc5 Bxc5 17. Qe2 Ne8 18. Rc2 Bc6 19. Rcd2 Qb7 20. Ne5 Ra7 21. Bg5 f6 22. Nxc6 Qxc6 23. e5 Qc8 24. exf6 gxf6 25. Qxe6+ Kg7 26. Be3 Nf8 27. Qxc8 Rxc8 28. Bxc5 Rxc5 29. Re1 Re5 30. Rxe5 fxe5 31. Rd8 Nf6 32. Nd5 Rd7 33. Rxf8 Nxd5 34. Rb8 Nf6 35. Rxb6 Rd1+ 36. Bf1 Ne4 37. Kg2 Rd2 38. Kf3 Rxf2+ 39. Kxe4 Rxf1 40. Kxe5 Rf2 41. h4 a5 42. b4 axb4 43. Rxb4 Ra2 44. g4 h6 45. Kd6 Kg6 46. Kc5 Rh2 47. a5 Rxh4 48. a6 Rh1 49. a7 Ra1 50. Kb6 1-0

[Event "Reykjavik Open 2025"]
[Site "Reykjavik"]
[Date "2025.04.10"]
[Round "2.57"]
[White "Mathews, Hans-Christian"]
[Black "De Kaey, Pascal"]
[Result "1/2-1/2"]
[WhiteElo "2196"]
[WhiteFideId "16241339"]
[BlackElo "1944"]
[BlackFideId "204510"]
[Variant "Standard"]
[StudyName "ROpen 2025 - Rd2 - Boards 45-108"]
1. e4 d5 2. exd5 Nf6 3. d4 Bg4 4. Nf3 Qxd5 5. Be2 Nc6 6. c4 Qh5 7. Be3 O-O-O 8. Qa4 e6 9. Nc3 Be7 10. O-O-O Qa5 11. Qxa5 Nxa5 12. a3 c5 13. dxc5 Bxc5 14. b4 Bxe3+ 15. fxe3 Nc6 16. Kb2 Rxd1 17. Rxd1 Rd8 1/2-1/2

[Event "Reykjavik Open 2025"]
[Site "Reykjavik"]
[Date "2025.04.10"]
[Round "2.58"]
[White "Benavente, Christian"]
[Black "Pipiras, Filipa Fortuna"]
[Result "0-1"]
[WhiteElo "1938"]
[WhiteFideId "1636928"]
[BlackElo "2195"]
[BlackTitle "FM"]
[BlackFideId "1944894"]
[Variant "Standard"]
[StudyName "ROpen 2025 - Rd2 - Boards 45-108"]
1. d4 Nf6 2. Nf3 e6 3. Bf4 b6 4. e3 Bb7 5. Bd3 Be7 6. O-O Nh5 7. Bg3 d6 8. Nbd2 Nd7 9. a4 a5 10. Qe2 O-O 11. Ne1 g6 12. Bc4 Bf6 13. Qg4 d5 14. Bd3 Nxg3 15. hxg3 Bg7 16. f4 f5 17. Qh3 Nf6 18. Nef3 Ng4 19. Ng5 h6 20. Nxe6 Qe7 21. Nxf8 Qxe3+ 22. Kh1 Rxf8 23. Nf3 Bxd4 24. Rae1 Qf2 25. Qxg4 fxg4 26. Rxf2 Bxf2 27. Rf1 Bxg3 28. Ne5 Rxf4 29. Rxf4 Bxf4 30. Nxg6 Bd6 31. Nh4 Kf7 32. Nf5 Bf8 33. g3 Kf6 34. Ne3 d4+ 35. Ng2 Bd6 36. Kh2 Kg5 37. Nh4 h5 38. Nf5 Be5 39. Nh4 Bd5 40. Ng6 Bd6 41. b3 c6 42. Nh4 Be6 43. Bg6 Bd7 44. Bf7 b5 45. axb5 cxb5 46. Kg2 a4 47. bxa4 bxa4 48. Kf2 Kf6 0-1

[Event "Reykjavik Open 2025"]
[Site "Reykjavik"]
[Date "2025.04.10"]
[Round "2.59"]
[White "Tscheuschner, Georg"]
[Black "Shepherd, Tom"]
[Result "1-0"]
[WhiteElo "2168"]
[WhiteFideId "12935549"]
[BlackElo "1937"]
[BlackFideId "447005"]
[Variant "Standard"]
[StudyName "ROpen 2025 - Rd2 - Boards 45-108"]
1. Nf3 Nf6 2. c4 c5 3. Nc3 e6 4. e3 d5 5. cxd5 exd5 6. d4 Nc6 7. Bb5 cxd4 8. Nxd4 Bd7 9. O-O Bd6 10. Nf3 Be6 11. b3 a6 12. Be2 Qe7 13. Bb2 Rd8 14. Rc1 O-O 15. Na4 Ne4 16. Bxa6 Nb4 17. Qd4 f6 18. Bb5 Nxa2 19. Ra1 Nb4 20. Rfc1 Kh8 21. Qd1 Qf7 22. Nd4 Bc8 23. Nb6 Qg6 24. Nxc8 Rxc8 25. Bd7 Rxc1 26. Rxc1 Qh6 27. f4 Qh4 28. g3 Qh6 29. Ba3 Qg6 30. Nf5 Bc5 31. Bxb4 Bxb4 32. Qxd5 Nc3 33. Rxc3 Bxc3 34. Qc5 Qf7 35. Be6 Qe8 36. Qc7 Qg6 37. Qxc3 Qg4 38. Qd2 Ra8 39. Kg2 Qh5 40. h3 Qe8 41. Qd7 Qxd7 42. Bxd7 Ra2+ 43. Kf3 g6 44. Nd4 Kg7 45. b4 Rb2 46. b5 Kf7 47. Bc8 b6 48. Be6+ Ke7 49. Bg8 Kf8 50. Bd5 Rh2 51. h4 Ke7 52. Bg8 Kf8 53. Bc4 Ke7 54. f5 Rb2 55. Bg8 gxf5 56. Bxh7 1-0

[Event "Reykjavik Open 2025"]
[Site "Reykjavik"]
[Date "2025.04.10"]
[Round "2.60"]
[White "Nguyen, Paul"]
[Black "Vroombout, Enrico"]
[Result "1/2-1/2"]
[WhiteElo "1936"]
[WhiteFideId "651096170"]
[BlackElo "2161"]
[BlackFideId "1008730"]
[Variant "Standard"]
[StudyName "ROpen 2025 - Rd2 - Boards 45-108"]
1. d4 d5 2. c4 e6 3. Nf3 Nf6 4. g3 dxc4 5. Bg2 Nc6 6. Qa4 Bb4+ 7. Bd2 Nd5 8. O-O Nb6 9. Qc2 Bxd2 10. Qxd2 O-O 11. Rc1 Re8 12. Na3 e5 13. dxe5 Be6 14. Qf4 Qe7 15. Ng5 Bd5 16. e6 fxe6 17. e4 h6 18. Nf3 e5 19. Qe3 Be6 20. Bf1 Rad8 21. Nxc4 Nxc4 22. Bxc4 Bxc4 23. Rxc4 Nd4 24. Nxd4 Rxd4 25. Rxd4 exd4 26. Qxd4 Qxe4 27. Qxa7 Qb4 28. b3 c5 29. Rc1 Re1+ 30. Rxe1 Qxe1+ 31. Kg2 Qe4+ 32. Kf1 Qh1+ 33. Ke2 Qe4+ 34. Kf1 1/2-1/2

[Event "Reykjavik Open 2025"]
[Site "Reykjavik"]
[Date "2025.04.10"]
[Round "2.61"]
[White "Birkisson, Bjorn Holm"]
[Black "Solano, Juan Pablo"]
[Result "1/2-1/2"]
[WhiteElo "2154"]
[WhiteFideId "2310600"]
[BlackElo "1929"]
[BlackFideId "3306003"]
[Variant "Standard"]
[StudyName "ROpen 2025 - Rd2 - Boards 45-108"]
1. c4 e5 2. Nc3 Nf6 3. Nf3 Nc6 4. e3 Bb4 5. Qc2 Bxc3 6. Qxc3 Qe7 7. a3 a5 8. b4 e4 9. b5 exf3 10. bxc6 fxg2 11. Bxg2 dxc6 12. d3 O-O 13. Bb2 Rd8 14. O-O-O Ne8 15. Rhg1 f6 16. Be4 Ra6 17. Rg3 b5 18. Rdg1 b4 19. Qb3 c5 20. Qd1 Qf7 21. Qf3 Be6 22. Bc6 Bd7 23. Bd5 Be6 24. Bc6 Bd7 25. Bd5 Be6 26. Bc6 Bd7 1/2-1/2

[Event "Reykjavik Open 2025"]
[Site "Reykjavik"]
[Date "2025.04.10"]
[Round "2.62"]
[White "Sonne, Lasse"]
[Black "Villiers, Thomas"]
[Result "0-1"]
[WhiteElo "1929"]
[WhiteFideId "1477161"]
[BlackElo "2154"]
[BlackTitle "CM"]
[BlackFideId "427209"]
[Variant "Standard"]
[StudyName "ROpen 2025 - Rd2 - Boards 45-108"]
1. e4 c5 2. d4 cxd4 3. c3 Nf6 4. e5 Nd5 5. Nf3 Nc6 6. Bc4 Nb6 7. Bb3 d5 8. exd6 Qxd6 9. O-O Bf5 10. Nxd4 Nxd4 11. cxd4 e6 12. Nc3 Rd8 13. Qf3 Be7 14. d5 O-O 15. dxe6 Bxe6 16. Bxe6 fxe6 17. Qxb7 Rd7 18. Qe4 Nd5 19. Be3 Nxe3 20. Qxe3 Bf6 21. Rad1 Bd4 22. Qe2 Rdf7 23. Ne4 Qe5 24. Rxd4 Qxd4 25. Ng5 Re7 26. Qc2 g6 27. Re1 Qd5 28. h4 Qxa2 29. Qc3 Qd5 30. Qg3 Qd2 31. Nf3 Rxf3 0-1

[Event "Reykjavik Open 2025"]
[Site "Reykjavik"]
[Date "2025.04.10"]
[Round "2.63"]
[White "Alrehaili, Ahmed Abdullah S"]
[Black "Valtysson, Thor"]
[Result "0-1"]
[WhiteElo "2152"]
[WhiteFideId "21518840"]
[BlackElo "1929"]
[BlackFideId "2301903"]
[Variant "Standard"]
[StudyName "ROpen 2025 - Rd2 - Boards 45-108"]
1. e4 c6 2. d4 d5 3. e5 Bf5 4. h4 h6 5. g4 Bd7 6. h5 e6 7. f4 c5 8. c3 Nc6 9. Nf3 Qb6 10. Kf2 cxd4 11. cxd4 O-O-O 12. Nc3 a6 13. a3 Kb8 14. b4 Na7 15. Be3 Rc8 16. Rc1 Ne7 17. Nd2 g6 18. Nb3 Nb5 19. Nc5 Be8 20. Nb1 Ka8 21. Qd2 gxh5 22. Rxh5 Rg8 23. Be2 Nc7 24. a4 Nc6 25. b5 axb5 26. axb5 Nxb5 27. Qb2 Nca7 28. Nc3 Bxc5 29. dxc5 Qc6 30. Nxb5 Nxb5 31. Ra1+ Kb8 32. Rb1 d4 33. Bd2 d3 34. Bxd3 Rxg4 35. Rh2 Qxc5+ 36. Be3 Rxf4+ 37. Ke2 Nc3+ 38. Qxc3 Qxc3 39. Bxf4 Bc6 40. Rxh6 Rd8 41. Rd1 Qd4 42. Rh4 Bb5 0-1

[Event "Reykjavik Open 2025"]
[Site "Reykjavik"]
[Date "2025.04.10"]
[Round "2.64"]
[White "Landmark, Gabriel"]
[Black "Haertig, Jens"]
[Result "1/2-1/2"]
[WhiteElo "1927"]
[WhiteFideId "2524848"]
[BlackElo "2149"]
[BlackFideId "24602558"]
[Variant "Standard"]
[StudyName "ROpen 2025 - Rd2 - Boards 45-108"]
1. e4 c5 2. Nf3 d6 3. d4 cxd4 4. Nxd4 Nf6 5. Nc3 a6 6. f3 e5 7. Nb3 Be7 8. Be3 Be6 9. Qd2 Nbd7 10. O-O-O O-O 11. g4 b5 12. Rg1 Nb6 13. g5 Nh5 14. Na5 Rc8 15. Nd5 Nxd5 16. exd5 Bd7 17. Bd3 g6 18. Kb1 Qc7 19. c4 Bd8 20. Nc6 Bxc6 21. dxc6 Qxc6 22. cxb5 axb5 23. Be4 Qe8 24. Qxd6 Bc7 25. Qc6 Qxc6 26. Bxc6 Bb6 27. Bxb6 Rxc6 28. Be3 Re8 29. Rd5 b4 30. Rgd1 Rc4 31. Bc5 f6 32. gxf6 Nxf6 33. Rd6 Rf4 34. Bxb4 Rxf3 35. Re1 e4 36. Bc3 Nh5 37. a4 e3 38. a5 e2 39. a6 Rf7 40. Bd4 Nf4 41. a7 Rfe7 42. Bb6 Kf7 43. h4 h6 44. b4 g5 45. hxg5 hxg5 46. b5 Ng2 47. Rxe2 Rxe2 48. Rd8 Re1+ 49. Kb2 R8e2+ 50. Kc3 Rc1+ 51. Kd4 Rd1+ 52. Kc3 Rc1+ 1/2-1/2

[Event "Reykjavik Open 2025"]
[Site "Reykjavik"]
[Date "2025.04.10"]
[Round "2.65"]
[White "Pattnayak, Nilsu"]
[Black "Smit, Emeline"]
[Result "1-0"]
[WhiteElo "2146"]
[WhiteFideId "35043943"]
[BlackElo "1926"]
[BlackFideId "1042262"]
[Variant "Standard"]
[StudyName "ROpen 2025 - Rd2 - Boards 45-108"]
1. e4 c5 2. Nf3 d6 3. Bb5+ Bd7 4. Bxd7+ Qxd7 5. c4 f5 6. exf5 Nh6 7. d4 Nxf5 8. O-O Nxd4 9. Nxd4 cxd4 10. Qxd4 Nc6 11. Qd5 g6 12. Bd2 Bg7 13. Bc3 Be5 14. Bxe5 Nxe5 15. f4 Nc6 16. Re1 O-O-O 17. Nc3 Rdf8 18. Qe4 Rf5 19. Rad1 Rhf8 20. Nd5 e5 21. c5 Nd4 22. cxd6 1-0

[Event "Reykjavik Open 2025"]
[Site "Reykjavik"]
[Date "2025.04.10"]
[Round "2.66"]
[White "Tirronen, Esa"]
[Black "Ptacnikova, Lenka"]
[Result "0-1"]
[WhiteElo "1923"]
[WhiteFideId "1735810"]
[BlackElo "2142"]
[BlackFideId "305650"]
[Variant "Standard"]
[StudyName "ROpen 2025 - Rd2 - Boards 45-108"]
1. d4 Nf6 2. c4 e6 3. Nc3 Bb4 4. Bd2 d5 5. e3 c6 6. Nf3 O-O 7. Bd3 Nbd7 8. Qc2 Re8 9. Ne5 Nxe5 10. dxe5 dxc4 11. Bxc4 Nd7 12. Qe4 Ba5 13. b4 Bc7 14. f4 a5 15. Bd3 f5 16. Qc4 Nb6 17. Qd4 axb4 18. Ne2 c5 19. Qxc5 Qxd3 20. Qxc7 Nd5 21. Qc5 b3 22. Qc1 Rxa2 23. Rxa2 bxa2 24. Kf2 a1=Q 0-1

[Event "Reykjavik Open 2025"]
[Site "Reykjavik"]
[Date "2025.04.10"]
[Round "2.67"]
[White "Aeschbacher, Dimitri"]
[Black "Sleczka, Bartosz"]
[Result "1/2-1/2"]
[WhiteElo "2142"]
[WhiteFideId "551032830"]
[BlackElo "1920"]
[BlackFideId "1180428"]
[Variant "Standard"]
[StudyName "ROpen 2025 - Rd2 - Boards 45-108"]
1. e4 e5 2. Nf3 Nf6 3. Nxe5 d6 4. Nf3 Nxe4 5. d4 d5 6. Bd3 Be7 7. O-O O-O 8. c4 c6 9. Re1 Nf6 10. c5 b6 11. Qc2 bxc5 12. dxc5 Na6 13. Ne5 Qa5 14. Bd2 Qxc5 15. Nxc6 Bd6 16. Qa4 Ng4 17. Be3 Nxe3 18. fxe3 Qb6 19. Qh4 g6 20. Ne7+ Bxe7 21. Qxe7 Qxb2 22. Na3 Nb4 23. Reb1 Qxa3 24. Rb3 Qa5 25. Rxb4 Ba6 26. Bxa6 Qxa6 27. Qg5 Qd3 28. Rd4 Qc3 29. Rad1 Rfe8 30. Kf2 f5 31. g3 Re5 32. Rxd5 Rxd5 33. Rxd5 Qc2+ 34. Ke1 Qb1+ 35. Rd1 Qxa2 36. h4 Qa5+ 37. Ke2 Qb5+ 38. Ke1 Qb4+ 39. Ke2 Qc4+ 40. Ke1 Qc3+ 41. Ke2 Qc6 42. h5 Rb8 43. Rd8+ Rxd8 44. Qxd8+ Kf7 45. Qh8 Qg2+ 46. Kd3 Qe4+ 47. Kd2 Qg2+ 48. Kd3 Qe4+ 49. Kd2 Qg2+ 50. Kd3 Qe4+ 51. Kd2 Qb4+ 52. Kd3 Qb1+ 53. Kd2 Qa2+ 54. Kd3 Qa6+ 55. Kd2 Qd6+ 56. Ke2 Qa6+ 57. Kd2 1/2-1/2

[Event "Reykjavik Open 2025"]
[Site "Reykjavik"]
[Date "2025.04.10"]
[Round "2.68"]
[White "Maciol, Ryszard"]
[Black "Bernhard, Sebastian"]
[Result "0-1"]
[WhiteElo "2135"]
[WhiteFideId "1118153"]
[BlackElo "1914"]
[BlackFideId "1271149"]
[Variant "Standard"]
[StudyName "ROpen 2025 - Rd2 - Boards 45-108"]
1. b3 c5 2. Nf3 d6 3. c4 e5 4. Nc3 Nc6 5. e3 f5 6. d3 Nf6 7. Be2 Be7 8. Bb2 O-O 9. O-O h6 10. Ne1 g5 11. Nc2 Bd7 12. Kh1 Kh7 13. d4 cxd4 14. exd4 e4 15. f3 exf3 16. Bxf3 g4 17. Be2 Nh5 18. Qd3 Bg5 19. Nd5 Kg8 20. Rae1 Ne7 21. Nxe7+ Bxe7 22. Ne3 Bh4 23. Rd1 Qg5 24. Nd5 f4 25. Bc1 Bf5 26. Qd2 Ng3+ 27. Kg1 Nxf1 28. Bxf1 f3 29. Qb4 f2+ 30. Kh1 Qh5 31. Nf4 Qe8 32. g3 Be4+ 33. Ng2 Bg5 34. Bxg5 hxg5 35. Qxd6 Bxg2+ 36. Bxg2 Qe1+ 37. Bf1 Qe4+ 0-1

[Event "Reykjavik Open 2025"]
[Site "Reykjavik"]
[Date "2025.04.10"]
[Round "2.69"]
[White "Maton, Emily"]
[Black "Jaksland, Tim"]
[Result "1/2-1/2"]
[WhiteElo "1912"]
[WhiteFideId "343120293"]
[BlackElo "2140"]
[BlackFideId "1401084"]
[Variant "Standard"]
[StudyName "ROpen 2025 - Rd2 - Boards 45-108"]
1. d4 Nf6 2. Nf3 e6 3. Bf4 b6 4. e3 Be7 5. Nbd2 O-O 6. Bd3 c5 7. c3 Ba6 8. Bxa6 Nxa6 9. Qe2 Qc8 10. O-O Qb7 11. Ne5 d6 12. Nec4 Rfd8 13. Qf3 Qxf3 14. Nxf3 Rac8 15. Na3 cxd4 16. exd4 Nc7 17. Nc2 Ncd5 18. Bg3 h6 19. Rfe1 Kf8 20. Ne3 Nxe3 21. fxe3 Ne4 22. Re2 b5 23. Nd2 Nxd2 24. Rxd2 Rc4 25. Kf1 Rdc8 26. Ke2 d5 27. a3 a5 28. Kd3 f5 29. Rc2 a4 30. Be5 Kf7 31. Rf1 h5 32. Rb1 Ra8 1/2-1/2

[Event "Reykjavik Open 2025"]
[Site "Reykjavik"]
[Date "2025.04.10"]
[Round "2.70"]
[White "Hulshof, Peter"]
[Black "Ragnarsson, Johann"]
[Result "1/2-1/2"]
[WhiteElo "2123"]
[WhiteFideId "1003291"]
[BlackElo "1908"]
[BlackFideId "2301040"]
[Variant "Standard"]
[StudyName "ROpen 2025 - Rd2 - Boards 45-108"]
1. e4 c6 2. d4 d5 3. exd5 cxd5 4. Nf3 Nc6 5. Bb5 Bg4 6. h3 Bxf3 7. Qxf3 a6 8. Bxc6+ bxc6 9. c4 e6 10. O-O Bd6 11. Nc3 Ne7 12. c5 Bb8 13. Re1 Qc7 14. g3 Ng6 15. h4 O-O 16. h5 Ne7 17. h6 Ng6 18. hxg7 Re8 19. Kg2 f5 20. Bh6 Qf7 21. Na4 Nh4+ 22. gxh4 Qg6+ 23. Bg5 h6 24. Rh1 Ra7 25. Rag1 hxg5 26. hxg5 Qxg5+ 27. Kf1 Qc1+ 28. Ke2 Qc2+ 29. Ke1 Qc1+ 30. Ke2 Qc2+ 31. Ke1 1/2-1/2

[Event "Reykjavik Open 2025"]
[Site "Reykjavik"]
[Date "2025.04.10"]
[Round "2.71"]
[White "Winnubst, Paul"]
[Black "Arruebarrena Rodriguez, Rafael"]
[Result "0-1"]
[WhiteElo "1906"]
[WhiteFideId "40101460"]
[BlackElo "2129"]
[BlackTitle "CM"]
[BlackFideId "3901092"]
[Variant "Standard"]
[StudyName "ROpen 2025 - Rd2 - Boards 45-108"]
1. d4 Nf6 2. c4 e6 3. Nf3 d5 4. Nc3 c5 5. cxd5 Nxd5 6. e4 Nxc3 7. bxc3 cxd4 8. cxd4 Bb4+ 9. Bd2 Bxd2+ 10. Qxd2 O-O 11. Bc4 Nd7 12. O-O b6 13. Rad1 Bb7 14. Rfe1 Rc8 15. Bb3 h6 16. h3 Nf6 17. d5 exd5 18. exd5 Qd6 19. Nd4 Rfe8 20. Nf5 Qd7 21. Qf4 Kf8 22. d6 g5 23. Qb4 Rxe1+ 24. Rxe1 Rc5 25. Re7 Qxf5 26. Rxf7+ Ke8 27. Qe1+ Be4 28. f3 Qf4 29. d7+ Kd8 30. Be6 Qd6 31. Rxf6 Qd4+ 32. Kh1 Qxf6 33. Qxe4 Rc1+ 34. Kh2 Qf4+ 35. Qxf4 gxf4 36. h4 Re1 37. Bf5 Re2 38. a4 Ra2 39. Kh3 Rxa4 40. Kg4 Rd4 41. Kh5 a5 42. Kxh6 a4 43. Kg5 a3 44. Be6 Rd2 0-1

[Event "Reykjavik Open 2025"]
[Site "Reykjavik"]
[Date "2025.04.10"]
[Round "2.72"]
[White "Hartung, Thomas"]
[Black "Bjarnason, Snorri Vikanes"]
[Result "1-0"]
[WhiteElo "2118"]
[WhiteFideId "24668273"]
[BlackElo "1901"]
[BlackFideId "1539833"]
[Variant "Standard"]
[StudyName "ROpen 2025 - Rd2 - Boards 45-108"]
1. e4 e5 2. Nf3 Nc6 3. d4 exd4 4. Nxd4 Nf6 5. Nc3 Bb4 6. Nxc6 bxc6 7. Bd3 d5 8. exd5 O-O 9. O-O Bxc3 10. bxc3 cxd5 11. Bg5 Qd6 12. Bxf6 Qxf6 13. Qh5 g6 14. Qxd5 Rb8 15. Qd4 Qxd4 16. cxd4 Rd8 17. Rab1 Rb6 18. Rxb6 axb6 19. c3 c5 20. Bc4 cxd4 21. Rd1 Be6 22. Bxe6 fxe6 23. Rxd4 Ra8 24. Rd2 Ra3 25. Rc2 Kf7 26. Kf1 Ke7 27. Ke2 Kd6 28. Kd2 Kd5 29. Kc1 Ra7 30. Kb2 Kc5 31. Re2 Rd7 32. Kb3 Rd6 33. Re5+ Kc6 34. Re4 Rd2 35. Rxe6+ Kd7 36. Rf6 1-0

[Event "Reykjavik Open 2025"]
[Site "Reykjavik"]
[Date "2025.04.10"]
[Round "2.73"]
[White "Aas, Robert"]
[Black "Elier, Ali"]
[Result "1-0"]
[WhiteElo "1898"]
[WhiteFideId "1571303"]
[BlackElo "2125"]
[BlackFideId "16217543"]
[Variant "Standard"]
[StudyName "ROpen 2025 - Rd2 - Boards 45-108"]
1. d4 Nf6 2. c4 g6 3. Nc3 Bg7 4. e4 d6 5. Nf3 O-O 6. Be2 e5 7. O-O Nc6 8. d5 Ne7 9. Ne1 Ne8 10. c5 f5 11. f3 dxc5 12. Nd3 b6 13. b4 cxb4 14. Nxb4 a5 15. Nc2 Nd6 16. Na3 Bd7 17. Be3 f4 18. Bf2 g5 19. Rc1 Rf6 20. Qc2 Qe8 21. Qb1 Qh5 22. Kh1 Rh6 23. Bg1 Rf8 24. Qd3 Rff6 25. Nab5 Qh4 26. Qd1 Qg3 27. Qe1 Ng6 28. Nxc7 Nh4 29. Qf2 Rh5 30. Ne6 Bxe6 31. dxe6 Rxe6 32. Qxg3 fxg3 33. f4 gxh2 34. Bxh5 hxg1=R+ 35. Kxg1 exf4 36. Rfd1 Be5 37. Bg4 Re8 38. Nd5 Nxe4 39. Re1 Bd4+ 40. Kh2 Kg7 41. Rc7+ Kh6 42. Bf3 Nf6 43. Rxe8 Nxf3+ 44. gxf3 Nxe8 45. Rc6+ Kh5 46. Kh3 Ng7 47. Ne7 b5 48. Ng8 Nf5 49. Nf6+ Bxf6 50. Rxf6 Nh4 51. Ra6 Nxf3 52. Rxa5 g4+ 53. Kg2 Nh4+ 54. Kf1 g3 55. Rxb5+ Kg4 56. Rb4 h5 57. a4 Nf3 58. a5 h4 59. a6 h3 60. Rb2 h2 61. Kg2 Ne1+ 62. Kh1 Nd3 63. Rxh2 f3 64. a7 f2 65. Rxf2 1-0

[Event "Reykjavik Open 2025"]
[Site "Reykjavik"]
[Date "2025.04.10"]
[Round "2.74"]
[White "Bourgois, Bastien"]
[Black "James, Chris"]
[Result "1-0"]
[WhiteElo "2112"]
[WhiteFideId "681482"]
[BlackElo "1895"]
[BlackFideId "2404249"]
[Variant "Standard"]
[StudyName "ROpen 2025 - Rd2 - Boards 45-108"]
1. d4 d5 2. c4 c6 3. Nc3 dxc4 4. a4 Na6 5. e4 Nf6 6. Bxc4 Nb4 7. Nf3 e6 8. O-O Be7 9. a5 O-O 10. Qe2 a6 11. Rd1 c5 12. e5 Nfd5 13. dxc5 Bxc5 14. Ne4 Qc7 15. Nxc5 Qxc5 16. Ng5 Bd7 17. Qe4 g6 18. Qh4 h5 19. Ne4 Qc7 20. Bxd5 Nxd5 21. Qg5 f5 22. Qxg6+ Kh8 23. Qxh5+ Kg8 24. Qg6+ Kh8 25. Ra3 1-0

[Event "Reykjavik Open 2025"]
[Site "Reykjavik"]
[Date "2025.04.10"]
[Round "2.75"]
[White "Vreugdenhil, Frans"]
[Black "Le Pen, Steven"]
[Result "1/2-1/2"]
[WhiteElo "1892"]
[WhiteFideId "1005634"]
[BlackElo "2125"]
[BlackFideId "612197"]
[Variant "Standard"]
[StudyName "ROpen 2025 - Rd2 - Boards 45-108"]
1. d4 Nf6 2. Nc3 d5 3. e4 dxe4 4. f3 c6 5. fxe4 e5 6. dxe5 Qxd1+ 7. Kxd1 Ng4 8. Ke1 Nxe5 9. Nf3 Nbd7 10. Be3 Bb4 11. Bd4 f6 12. a3 Bd6 13. Rd1 Bc7 14. Be2 O-O 15. Rf1 Nxf3+ 16. Rxf3 Ne5 17. Bxe5 Bxe5 18. h3 Be6 19. Rfd3 Kf7 20. Bg4 Bxg4 21. hxg4 Rae8 22. Rd7+ Re7 23. Ne2 Re8 24. b3 Kg6 25. Kf2 Bb2 26. Ng3 Kg5 27. Nf5 Rxd7 28. Rxd7 g6 29. Nd6 Rb8 30. Kf3 Kh6 31. Nf7+ Kg7 32. Ng5+ Kh6 33. Nf7+ Kg7 34. Ng5+ 1/2-1/2

[Event "Reykjavik Open 2025"]
[Site "Reykjavik"]
[Date "2025.04.10"]
[Round "2.76"]
[White "Bartelt, Max Peter"]
[Black "Jonsson, Johann"]
[Result "0-1"]
[WhiteElo "2104"]
[WhiteFideId "12967289"]
[BlackElo "1890"]
[BlackFideId "2321688"]
[Variant "Standard"]
[StudyName "ROpen 2025 - Rd2 - Boards 45-108"]
1. d4 d5 2. Bf4 e6 3. Nf3 Bd6 4. e3 Bxf4 5. exf4 c5 6. c3 cxd4 7. cxd4 Nf6 8. Nc3 O-O 9. Bd3 b6 10. Qe2 Bb7 11. O-O Nc6 12. a3 Rc8 13. Rad1 Qc7 14. g3 Na5 15. Ne5 Nc4 16. Nb5 Qb8 17. Nxc4 dxc4 18. Bxc4 Qa8 19. Rc1 Bg2 20. Rfe1 Bh1 21. Qf1 Rfd8 22. Be2 Bb7 23. Red1 Rxc1 24. Rxc1 Qb8 25. Qd1 a6 26. Nc7 b5 27. Bf3 Rc8 28. d5 Rxc7 29. Rxc7 Qxc7 30. d6 Qd7 31. Bxb7 Qxb7 32. Qc2 Ne8 33. Qc5 Qd7 34. b3 Qxd6 35. Qc8 Kf8 36. a4 bxa4 37. bxa4 Qd1+ 38. Kg2 Qxa4 39. Qc5+ Kg8 40. Qe7 h5 41. h3 Qb5 42. g4 hxg4 43. hxg4 a5 44. g5 g6 45. Kg3 a4 46. f3 Ng7 47. Qd8+ Kh7 48. Qf8 Qb7 49. Qc5 Nh5+ 50. Kg4 Qb8 51. Qc1 Qxf4+ 0-1

[Event "Reykjavik Open 2025"]
[Site "Reykjavik"]
[Date "2025.04.10"]
[Round "2.77"]
[White "Stolyarov, Alan"]
[Black "Fartmann, Oliver"]
[Result "0-1"]
[WhiteElo "1889"]
[WhiteFideId "30906008"]
[BlackElo "2109"]
[BlackFideId "12910392"]
[Variant "Standard"]
[StudyName "ROpen 2025 - Rd2 - Boards 45-108"]
1. d4 Nf6 2. c4 g6 3. Nc3 Bg7 4. e4 d6 5. Nge2 O-O 6. f3 a6 7. Be3 b5 8. cxb5 axb5 9. Nxb5 c6 10. Nbc3 Nbd7 11. Nc1 e5 12. Nb3 d5 13. Be2 dxe4 14. fxe4 exd4 15. Nxd4 Re8 16. O-O Nxe4 17. Nxc6 Nxc3 18. Qb3 Nxe2+ 19. Kh1 Qf6 20. Rxf6 Nxf6 21. Re1 Nf4 22. Rf1 Be6 23. Qb7 N4d5 24. Bd4 Rxa2 25. b4 Bc8 26. Qb5 Ba6 0-1